| 000 | 00574nam a22001697a 4500 | ||
|---|---|---|---|
| 999 |
_c61131 _d61131 |
||
| 005 | 20231221162258.0 | ||
| 008 | 231221s1980 ru ||||| |||| 00| 0 rus d | ||
| 041 | _arus | ||
| 080 | _a821.14'01-14 П-32 | ||
| 100 |
_aПиндар. Вакхилид _920841 |
||
| 245 |
_aОды. Фрагменты / _cПиндар. Вакхилид. |
||
| 264 |
_aМосква : _bНаука, _c1980. |
||
| 300 |
_a509 с.; _b17 см. |
||
| 653 | _aოდები. ფრაგმენტები | ||
| 653 | _aბერძნული პოეზია | ||
| 942 |
_2udc _cᲬᲘᲒᲜᲘ |
||